[Event "Romanian Open 2019"]
[Site "Alba Iulia"]
[Date "2019.10.31"]
[Round "5.8"]
[White "Istratescu, Andrei"]
[Black "Talu, Mircea"]
[Result "1/2-1/2"]
[WhiteElo "2564"]
[BlackElo "2288"]
[Annotator "TA"]
[PlyCount "112"]
[EventDate "2019.10.28"]
[EventType "swiss"]
[EventCountry "ROU"]
[SourceTitle "playchess.com"]
[Source "ChessBase"]
[SourceQuality "1"]

{[%evp 11,112,18,22,24,27,29,29,14,22,17,27,29,35,34,35,32,29,30,47,48,59,62,62,62,70,58,72,54,60,62,60,45,45,50,55,54,47,24,30,26,31,31,37,34,30,23,35,20,88,67,67,91,78,0,13,0,0,0,0,0,0,0,-2,0,0,-10,-10,-10,-9,-9,-9,-34,28,28,30,18,42,46,43,39,34,43,39,41,47,54,46,38,40,0,0,0,0,-80,0,0,0,0,0,0,0,0,0]} 1. d4 Nf6 2. c4 e6 3. g3 Bb4+ 4. Bd2 a5 5. Bg2 O-O 6. Nf3 b6 7. a3 {E15: Queen's Indian: 4 g3 sidelines, 4 g3 Ba6 and 4 g3 Bb7 early deviations} (7. O-O Bb7 8. Bf4 Be7 9. Nc3 Ne4 10. Nb5 c6 11. Nc7 Ra7 12. Qb3 d6 13. c5 Qxc7 14. cxb6 a4 15. bxc7 axb3 16. cxb8=Q Rxb8 17. axb3 Rba8 18. Rxa7 Rxa7 {½-½ (37) Jakovenko,D (2719)-Rapport,R (2726) Shenzhen 2019}) 7... Bxd2+ 8. Nfxd2 d5 9. Nc3 {White has an edge.} Bb7 $146 ({Predecessor:} 9... c5 10. dxc5 bxc5 11. O-O Bb7 12. cxd5 exd5 13. e4 d4 14. Na4 Na6 {0-1 (33) Gruen,G (2375)-Lobron,E (2575) Germany 1992}) 10. O-O Nbd7 11. cxd5 exd5 12. Qb3 Re8 13. e3 {[%cal Rc3d5]} Nf8 14. Rfd1 Ne6 15. Nf3 Ne4 16. Rac1 Nxc3 17. bxc3 Qd6 18. Ne5 f6 19. Nf3 Rab8 20. Rb1 Ba8 21. a4 Kh8 22. Rb2 Red8 23. h4 c5 24. Rdb1 Bc6 25. Bh3 c4 26. Qc2 Be8 27. Bf5 g6 28. Bh3 Qc6 29. Nd2 Rd6 (29... Nc7 $11) 30. e4 $16 Nxd4 $1 31. cxd4 c3 32. exd5 (32. Rb5 $1 $16 {[%cal Rb5c5] Black must now prevent Rc5!} cxd2 33. Qxd2) 32... Rxd5 $11 33. Rb3 {[%cal Bb2b3,Bb3c3,Bc3c6][%mdl 32]} cxd2 34. Qxd2 {Threatens to win with Bg2.} Qd6 35. Qh6 {Strongly threatening Rxb6!} Bf7 ({Wrong is} 35... Rxd4 $2 36. Rxb6 $3 {[%mdl 512]} Rxb6 37. Rxb6 $18) 36. Rc3 Rxd4 37. Rbc1 Rd1+ 38. Bf1 {Black should prevent Rc6.} Rxc1 39. Qxc1 Rd8 40. Rc6 Qd4 41. h5 Kg7 ({Black should try} 41... gxh5 $15 42. Qh6 Bg6) 42. h6+ Kg8 43. Rc8 $36 {[%mdl 2048] Black is under pressure.} Qd7 44. Rc7 {[%mdl 1024] White has compensation.} Qd6 $1 ({But not} 44... Qxa4 $2 45. Qc3 $18) 45. Qc3 Kf8 46. Rc6 Qd4 47. Qa3+ Qb4 48. Qa1 Qd4 49. Qxd4 Rxd4 50. Rxf6 Rxa4 {...Ra1 is the strong threat.} 51. Rxb6 $14 {[%mdl 4096] Endgame KRB-KRB} Ra1 52. Kg2 {[#]} (52. Rb8+ $11 Ke7 53. Rh8) 52... Bd5+ (52... a4 $1 $17 {[%cal Ra4a3]} 53. Rb4 Bd5+ 54. f3 Ra2+ 55. Kg1 a3 56. Rb8+ Kf7) 53. f3 $1 $11 {The position is equal.} Bxf3+ 54. Kxf3 {aiming for Bg2.} Rxf1+ 55. Kg4 Re1 56. Ra6 Kf7 {Accuracy: White = 79%, Black = 67%.} 1/2-1/2

[Event "Romanian Open 2019"]
[Site "Alba Iulia"]
[Date "2019.10.31"]
[Round "5.9"]
[White "Bhambure, Shantanu"]
[Black "Vedmediuc, Serghei"]
[Result "1-0"]
[WhiteElo "2291"]
[BlackElo "2457"]
[Annotator "TA"]
[PlyCount "49"]
[EventDate "2019.10.28"]
[EventType "swiss"]
[EventCountry "ROU"]
[SourceTitle "playchess.com"]
[Source "ChessBase"]
[SourceQuality "1"]

{[%evp 16,128,52,22,73,74,91,83,75,22,10,18,23,0,0,0,0,0,54,63,56,34,20,46,86,58,65,55,58,57,84,75,63,66,217,77,116,70,69,58,33,52,120,117,136,85,102,-24,0,0,0,0,0,0,0,0,7,-68,10,18,28,0,25,0,0,6,68,88,135,134,160,169,235,231,377,356,326,297,826,815,686,587,587,587,584,584,752,741,711,711,789,777,776,696,854,854,837,645,1174,1156,2056,806,5088,645,5088,5081,5081,4133,1810,0,0,0,1268,0,1604]} 1. d4 Nf6 2. c4 g6 3. Nc3 Bg7 4. e4 d6 5. f3 O-O 6. Be3 Nc6 7. Nge2 a6 8. Qd2 Rb8 9. Rb1 Na5 {E84: King's Indian: Sämisch Panno: 7 Nge2 a6 8 Qd2 Rb8} (9... b5 $11 {keeps the balance.}) (9... b5 10. cxb5 axb5 11. b4 Re8 12. d5 Ne5 13. Nd4 Bd7 14. Be2 e6 15. O-O exd5 16. exd5 Nh5 17. Rfe1 Qh4 18. Rbd1 Nc4 19. Bxc4 bxc4 {1-0 (40) Morozevich,A (2770)-Mamedyarov,S (2726) Astana 2012}) 10. Ng3 $146 ({Predecessor:} 10. Nc1 c5 11. dxc5 Be6 12. Nd5 Bxd5 13. cxd5 dxc5 14. Bxc5 Rc8 15. b4 b6 16. Bxa6 bxc5 17. bxa5 {1-0 (33) Vanek,T (2245)-Muron,M (2224) Czechia 2010}) 10... b6 11. b4 Nc6 {White is better.} 12. b5 (12. Bd3 $16) 12... axb5 13. cxb5 Na5 14. Bd3 e5 15. Nge2 exd4 16. Bxd4 c5 (16... Bb7 $11) 17. bxc6 $1 $14 Nxc6 18. Bf2 d5 19. Bb5 $1 $36 {[%csl LRc6,LRd5][%mdl 2048] White has good play.} Ne7 20. Rd1 {[%cal Re4d5]} Be6 21. e5 Nd7 22. f4 Bh6 23. Qb2 Nc5 24. O-O Nf5 $2 {[#]} (24... Qc7 $14) 25. Nxd5 {Played: Bb5-c4} 1-0

[Event "Romanian Open 2019"]
[Site "Alba Iulia"]
[Date "2019.10.31"]
[Round "5.10"]
[White "Advait, Bagri"]
[Black "Filip, Lucian-Ioan"]
[Result "0-1"]
[WhiteElo "2231"]
[BlackElo "2418"]
[Annotator "TA"]
[PlyCount "86"]
[EventDate "2019.10.28"]
[EventType "swiss"]
[EventCountry "ROU"]
[SourceTitle "playchess.com"]
[Source "ChessBase"]
[SourceQuality "1"]

{[%evp 11,86,18,14,16,25,9,12,-6,31,14,27,22,23,0,32,7,4,7,10,-10,31,23,20,0,0,-31,-20,-20,0,-9,-7,0,0,-7,-8,-13,-1,-1,0,-5,0,-39,0,-29,0,-132,-104,-100,-94,-213,-237,-224,-214,-202,-113,-110,-104,-168,-162,-163,-129,-233,-233,-238,-187,-207,-204,-205,-191,-221,-160,-224,-202,-367,-333,-810,-787]} 1. e4 c5 2. Nf3 Nc6 3. Bb5 Nf6 4. e5 Nd5 5. Nc3 Nc7 6. Bxc6 dxc6 7. d3 {B30: Sicilian: 2...Nc6 3 Bb5, lines without ...g6} (7. h3 Ne6 8. O-O g6 9. d3 Bg7 10. Re1 b6 11. Ne4 O-O 12. b3 a5 13. a4 Nd4 14. Bb2 h6 15. Bxd4 cxd4 16. Qd2 c5 17. Re2 Be6 18. Rae1 Qd7 19. Qf4 Rfe8 {½-½ (67) Giri,A (2783)-Demchenko,A (2679) St Petersburg 2018}) 7... h6 8. Be3 $146 ({Predecessor:} 8. O-O Bf5 9. Re1 e6 10. Qe2 Nb5 11. Nxb5 cxb5 12. Be3 Qd7 13. Rad1 Be7 14. d4 c4 {1-0 (28) Vedder,H (2422)-Van Oosterom,C (2413) Belgium 2011}) 8... b6 9. Qe2 {The position is equal.} Ne6 10. Ne4 Nd4 11. Nxd4 cxd4 12. Bf4 Qd5 13. O-O Bf5 14. Rfd1 e6 15. c4 dxc3 16. bxc3 c5 17. Ng3 Bg6 18. Nf1 Be7 19. Ne3 Qb7 20. d4 cxd4 21. cxd4 O-O 22. d5 exd5 23. Nxd5 Bc5 24. Qf3 {And now Nf6+! would win.} Kh8 25. Rd2 Rfd8 26. Rad1 Rd7 27. Qh3 {aiming for Bxh6!} Bf8 28. Qc3 (28. e6 $11 {remains equal.} fxe6 29. Qxe6) 28... Rc8 $36 {[%mdl 2048] Black is in control.} 29. Qb2 Rcd8 {[%cal Rd7d5]} 30. Ne3 (30. Nc3 $17 {was worth a try.}) 30... Rxd2 $19 31. Rxd2 Rxd2 32. Qxd2 Kh7 ({Black should try} 32... Qe4 $1 $19 {[%cal Re4f4]} 33. Nf1 Qb1) 33. h3 $17 Qe4 34. Bg3 (34. Nd5 $17) 34... Bc5 35. Kh2 Bd4 36. Ng4 {[#]} (36. e6 $17) 36... h5 $1 $19 {[%cal Rh5g4]} 37. Qg5 Qf5 38. Qh4 {intending Nf6+!} Bc5 39. Ne3 {[#]} Qe4 $1 40. Qg5 b5 41. e6 (41. Qd8 $17) 41... f5 42. Bf4 $2 (42. Kg1) 42... Qxe6 43. g4 $2 (43. Nf1) 43... Be7 {Accuracy: White = 32%, Black = 60%.} 0-1

[Event "Romanian Open 2019"]
[Site "Alba Iulia"]
[Date "2019.10.31"]
[Round "5.11"]
[White "Nester, Ihor"]
[Black "Ognean, Mihnea-Ionut"]
[Result "1/2-1/2"]
[WhiteElo "2381"]
[BlackElo "2285"]
[Annotator "TA"]
[PlyCount "67"]
[EventDate "2019.10.28"]
[EventType "swiss"]
[EventCountry "ROU"]
[SourceTitle "playchess.com"]
[Source "ChessBase"]
[SourceQuality "1"]

{[%evp 20,67,12,25,22,23,26,31,15,9,7,12,9,17,16,24,51,40,44,44,44,47,54,56,39,12,16,0,0,0,0,0,0,0,0,0,18,18,22,22,25,0,0,0,0,0,0,0,0,0]} 1. Nf3 d5 2. d4 Nf6 3. c4 e6 4. g3 dxc4 5. Bg2 c5 6. O-O Nc6 7. dxc5 Qxd1 8. Rxd1 Bxc5 9. Nbd2 c3 10. bxc3 O-O 11. Nb3 Be7 {E04: Open Catalan: 5 Nf3} 12. Nfd4 Nxd4 13. cxd4 Nd5 {White is slightly better.} 14. Bb2 (14. Na5 Bd7 15. Nxb7 Ba4 16. Rf1 Rfc8 17. e4 Nc3 18. Re1 Bc6 19. Nc5 {½-½ (42) Wang,H (2737)-Yu,Y (2738) Danzhou 2019}) 14... Bd7 15. e4 Nb6 $1 16. d5 $146 ({Predecessor:} 16. Rac1 Rfc8 17. Nc5 Na4 18. Nxa4 Bxa4 19. Rxc8+ Rxc8 {0-1 (44) Konev,V (2016)-Rimkus,B (2161) ICCF email 2013}) 16... Nc4 17. Bd4 e5 18. Bc5 Nd6 19. Na5 {Black must now prevent Nxb7!} b6 20. Bxd6 Bxd6 21. Nc4 Bb8 22. d6 f6 23. Ne3 a6 24. a4 Ra7 25. Bf1 b5 26. axb5 axb5 27. Rab1 Ra6 28. Bxb5 Bxb5 29. Rxb5 {[#] Nf5 is the strong threat.} Rxd6 30. Rdb1 Ba7 {The position is equal.} 31. Nf5 Rd7 $1 32. Rb7 Rxb7 33. Rxb7 Rf7 34. Rxf7 {Accuracy: White = 76%, Black = 77%.} 1/2-1/2

[Event "Romanian Open 2019"]
[Site "Alba Iulia"]
[Date "2019.10.31"]
[Round "5.12"]
[White "Dixit, Nikhil"]
[Black "Bilych, Olexiy"]
[Result "1-0"]
[WhiteElo "2358"]
[BlackElo "2281"]
[Annotator "TA"]
[PlyCount "67"]
[EventDate "2019.10.28"]
[EventType "swiss"]
[EventCountry "ROU"]
[SourceTitle "playchess.com"]
[Source "ChessBase"]
[SourceQuality "1"]

{[%evp 9,67,13,39,25,32,37,26,28,29,13,23,11,50,65,83,84,97,88,130,58,161,70,79,22,36,27,55,60,68,73,85,80,84,41,45,41,102,108,128,136,220,232,224,232,233,220,313,320,716,717,699,682,29986,29986,29986,29987,29987,29988,29988,29989]} 1. e4 e5 2. Nf3 Nc6 3. Bb5 g6 4. d4 ({Predecessor:} 4. c3 a6 5. Ba4 Bg7 6. O-O Nge7 7. h3 O-O 8. d4 b5 9. Bb3 exd4 {0-1 (37) Maetzkow,M (1953)-Buckels,V (2150) Willingen 2015}) 4... exd4 5. c3 a6 6. Bc4 {C60: Ruy Lopez: Unusual Black 3rd moves and 3...g6} Bg7 7. cxd4 b5 8. Bb3 {White has an edge.} Nge7 9. O-O O-O $146 (9... d6 10. d5 Na5 11. Bc2 c5 12. Nc3 O-O 13. h3 {1-0 (86) Nakamura,H (2761)-Nepomniachtchi,I (2773) Abidjan 2019}) 10. h3 d5 11. e5 $1 h6 12. Nc3 Be6 13. Ne2 g5 14. Nh2 (14. h4 $16) 14... f5 {[#]} ({Black should play} 14... f6 $14) 15. exf6 (15. f4 $1 $18) 15... Bxf6 16. Bc2 (16. f4 $16) 16... Bf5 17. Be3 Qd7 18. Rc1 Rae8 19. Ng3 Bxc2 20. Rxc2 Bg7 21. a3 Nd8 22. Ng4 Ne6 (22... Nf5 $14) 23. Qd3 $16 Nf4 24. Bxf4 $1 Rxf4 (24... gxf4 $16 25. Nh5 Qf5 26. Qxf5 Nxf5) 25. Nh5 $18 Rff8 26. Nxg7 Kxg7 27. Ne5 Qd6 (27... Qf5 $142 28. Rxc7 Qxd3 29. Nxd3 Kg8) 28. Rfc1 Rc8 $2 {[#]} (28... Qf6 29. Qe3 (29. Rxc7 Qxf2+ 30. Kh2 Qf5 $18) 29... c6) 29. Rc6 $1 {[%mdl 512]} Nxc6 30. Rxc6 Qe7 {With the idea ...Rf6.} 31. Rg6+ {White mates.} Kh8 32. Rxh6+ Kg8 33. Qg6+ {[%mdl 64] Double Attack} Qg7 34. Qe6+ {[%mdl 64] Double Attack. Accuracy: White = 56%, Black = 35%.} 1-0

[Event "Romanian Open 2019"]
[Site "Alba Iulia"]
[Date "2019.10.31"]
[Round "6.1"]
[White "Fedorov, Alexei"]
[Black "Manolache, Marius"]
[Result "1-0"]
[WhiteElo "2551"]
[BlackElo "2548"]
[Annotator "RC"]
[PlyCount "89"]
[EventDate "2019.10.28"]
[EventType "swiss"]
[EventCountry "ROU"]
[SourceTitle "playchess.com"]
[Source "ChessBase"]
[SourceQuality "1"]
[TimeControl "5400+30"]

1. e4 {[%emt 0:00:00]} d6 {[%emt 0:00:00]} 2. g3 {[%emt 0:00:09]} Nf6 {[%emt 0:00:58]} 3. Bg2 {[%emt 0:00:06]} e5 {[%emt 0:00:27]} 4. Ne2 {[%emt 0:00:42]} h5 {[%emt 0:03:01]} 5. h3 {[%emt 0:00:55]} Be7 {[%emt 0:01:50]} 6. d4 {[%emt 0:02:35]} c6 {[%emt 0:03:48]} 7. c4 {[%emt 0:03:32]} Be6 {[%emt 0:06:19]} 8. b3 {[%emt 0:03:48]} c5 {[%emt 0:04:56]} 9. d5 {[%emt 0:01:12]} Bc8 {[%emt 0:00:07]} 10. Nbc3 {[%emt 0:03:19]} a6 {[%emt 0:01:12]} 11. Be3 {[%emt 0:05:50]} Nbd7 {[%emt 0:00:56]} 12. Qd2 {[%emt 0:00:55]} h4 {[%emt 0:04:39]} 13. g4 {[%emt 0:02:37]} Nh7 {[%emt 0:00:23]} 14. O-O {[%emt 0:02:05]} Bg5 {[%emt 0:01:48]} 15. f4 {[%emt 0:01:13]} exf4 {[%emt 0:00:21]} 16. Nxf4 {[%emt 0:01:31]} Ne5 {[%emt 0:00:28]} 17. Na4 {[%emt 0:12:07]} O-O {[%emt 0:03:02]} 18. Nb2 {[%emt 0:01:17]} b5 {[%emt 0:03:07]} 19. Nfd3 {[%emt 0:06:02]} Qe7 {[%emt 0:05:25]} 20. Nxe5 {[%emt 0:02:09]} Qxe5 {[%emt 0:00:40]} 21. Nd3 {[%emt 0:02:11]} Bxe3+ {[%emt 0:10:21]} 22. Qxe3 {[%emt 0:00:29]} Qe7 {[%emt 0:00:07]} 23. e5 {[%emt 0:01:28]} bxc4 {[%emt 0:02:10]} 24. bxc4 {[%emt 0:00:11]} a5 {[%emt 0:02:21]} 25. Qf4 {[%emt 0:08:09]} dxe5 {[%emt 0:00:12]} 26. Nxe5 {[%emt 0:01:56]} Ra6 {[%emt 0:02:28]} 27. Nc6 {[%emt 0:00:57]} Qg5 {[%emt 0:01:01]} 28. Rab1 {[%emt 0:02:50]} Qxf4 {[%emt 0:04:25]} 29. Rxf4 {[%emt 0:00:10]} Re8 {[%emt 0:00:13]} 30. Rb5 {[%emt 0:01:52]} Bd7 {[%emt 0:03:41]} 31. Rxc5 {[%emt 0:01:52]} g5 {[%emt 0:03:08]} 32. Re4 {[%emt 0:00:54]} Rxe4 {[%emt 0:01:31]} 33. Bxe4 {[%emt 0:00:05]} Nf6 {[%emt 0:00:08]} 34. Bf3 {[%emt 0:03:05]} a4 {[%emt 0:00:12]} 35. Nb4 {[%emt 0:03:35]} Rb6 {[%emt 0:03:36]} 36. a3 {[%emt 0:00:06]} Kf8 {[%emt 0:03:12]} 37. Rc7 {[%emt 0:02:40]} Rb8 {[%emt 0:00:23]} 38. c5 {[%emt 0:02:12]} Rc8 {[%emt 0:01:09]} 39. Rxc8+ {[%emt 0:00:26]} Bxc8 {[%emt 0:00:04]} 40. d6 {[%emt 0:01:01]} Be6 {[%emt 0:00:29]} 41. c6 {[%emt 0:01:08]} Ke8 {[%emt 0:00:46]} 42. Na6 {[%emt 0:05:41]} Kd8 {[%emt 0:02:32]} 43. Nc5 {[%emt 0:00:22]} Kc8 {[%emt 0:01:35]} 44. Nxa4 {[%emt 0:01:05]} Ne8 {[%emt 0:00:16]} 45. d7+ {[%emt 0:00:09]} 1-0

[Event "Romanian Open 2019"]
[Site "Alba Iulia"]
[Date "2019.10.31"]
[Round "6.2"]
[White "Pap, Misa"]
[Black "Harutjunyan, Gevorg"]
[Result "0-1"]
[WhiteElo "2432"]
[BlackElo "2428"]
[Annotator "TA"]
[PlyCount "64"]
[EventDate "2019.10.28"]
[EventType "swiss"]
[EventCountry "ROU"]
[SourceTitle "playchess.com"]
[Source "ChessBase"]
[SourceQuality "1"]

{[%evp 20,64,22,2,26,23,25,27,37,50,40,35,41,29,50,51,57,49,44,0,0,-14,18,30,83,-35,-28,-225,-227,-282,-138,-140,-77,-77,0,0,0,-533,-536,-1476,-1459,-1469,-1470,-1457,-1437,-1207,-1162]} 1. e4 c6 2. d4 d5 3. Nd2 dxe4 4. Nxe4 Bf5 5. Ng3 Bg6 6. h4 h6 7. Nf3 Nd7 8. h5 Bh7 9. Bd3 Bxd3 10. Qxd3 e6 11. Bd2 Bd6 {B19: Classical Caro-Kann: 4...Bf5 main line} (11... Ngf6 12. O-O-O Be7 13. Kb1 Qb6 14. Ne5 Rd8 15. Qe2 O-O 16. Bc1 c5 17. Nxd7 Rxd7 18. dxc5 Qxc5 19. Rxd7 Nxd7 20. Ne4 Qc6 21. Rh3 {0-1 (55) Ponomariov,R (2675)-Esipenko,A (2624) Khanty-Mansiysk 2019}) 12. Ne4 Bc7 13. Qb3 Qb8 $146 {White has an edge.} ({Predecessor:} 13... Rb8 14. Rh4 Ngf6 15. Nxf6+ Nxf6 16. O-O-O Nd5 17. Re1 a5 18. Rg4 b5 19. Ne5 Qd6 20. Rxg7 Rf8 21. Qf3 Nb4 22. Rxf7 Bb6 23. Bxb4 Qxb4 24. Qxc6+ Kd8 25. Qd7# {1-0 (25) Nika,O-Rau ICCF email 2010}) 14. O-O-O Ngf6 15. Nxf6+ Nxf6 16. Rhe1 {Black must now prevent Rxe6+!} Bf4 17. Ne5 Bxd2+ 18. Rxd2 Qc7 19. Qg3 O-O 20. Qh4 Rad8 21. g4 $1 Qa5 (21... Nd5 $11) 22. f4 ({White must play} 22. g5 $1 $16 {[%cal Rg5f6]} hxg5 23. Qxg5 Qxa2 24. Rd3) 22... Qxa2 $15 {[%cal Ra2a1]} 23. c3 $2 {[#]} (23. Rd3 $1 $11 {and White is okay.}) 23... c5 $1 $19 {[%cal Rc5d4][%mdl 512] aiming for ...cxd4.} 24. Red1 {and the idea g5 leaves White hopeful.} (24. dxc5 Rxd2) 24... Nd5 $40 {[%mdl 128] Black has strong attack.} (24... Rd6 $19 25. dxc5 Qa1+ 26. Kc2 Qa4+ 27. Kb1 Rxd2 28. Rxd2 Qxf4) 25. Qg3 $17 cxd4 ({Black should play} 25... Qa1+ 26. Kc2 Qa4+ 27. Kb1 Qb3) 26. Rxd4 b5 (26... f6 $17 27. Ng6 Rfe8) 27. g5 $1 $11 {[%cal Rg5h6]} hxg5 28. fxg5 $2 {[%mdl 8192] [#]} (28. h6 $1 $11 b4 29. c4) 28... b4 $1 $19 {[%cal Rb4c3,Bb5b4,Bb4b3,Bb3b2][%mdl 544] Black is clearly winning.} 29. c4 {[#] next h6 is good for White.} (29. cxb4 Rc8+) 29... Nc3 $1 {[%mdl 576] Promotion} 30. bxc3 {[#]} b3 $1 {[%csl Gb3][%cal Ra2c2][%mdl 512]} 31. Qd3 Rxd4 32. cxd4 b2+ {Accuracy: White = 48%, Black = 44%.} 0-1

[Event "Romanian Open 2019"]
[Site "Alba Iulia"]
[Date "2019.10.31"]
[Round "6.3"]
[White "David, Alexandru-Vasile"]
[Black "Omelja, Artem"]
[Result "1/2-1/2"]
[WhiteElo "2424"]
[BlackElo "2424"]
[Annotator "TA"]
[PlyCount "123"]
[EventDate "2019.10.28"]
[EventType "swiss"]
[EventCountry "ROU"]
[SourceTitle "playchess.com"]
[Source "ChessBase"]
[SourceQuality "1"]

{[%evp 14,123,17,19,31,33,49,52,39,40,42,52,45,0,30,23,27,0,4,9,16,2,12,7,7,0,11,0,11,9,21,20,25,12,12,12,33,11,12,4,4,4,4,4,4,4,4,4,4,4,4,0,0,0,0,0,0,0,0,0,0,0,0,0,0,0,0,0,0,0,0,0,0,0,0,0,0,0,0,0,0,0,0,0,0,0,0,0,0,0,0,0,0,0,0,0,0,0,0,0,0,0,0,0,0,0,0,0,0,0,0,0]} 1. d4 d5 2. c4 e6 3. Nc3 Be7 4. cxd5 exd5 5. Bf4 Nf6 6. e3 O-O 7. Bd3 c5 8. Nge2 Nc6 {D35: Queen's Gambit Declined: Exchange Variation} 9. O-O Be6 (9... h6 10. dxc5 Bxc5 11. Rc1 Bd6 12. Qa4 Bg4 13. h3 Bxe2 14. Bxe2 Bxf4 15. Qxf4 Qb8 16. Qa4 {½-½ (27) Matlakov,M (2701)-Nguyen,N (2636) Changsha 2019}) 10. dxc5 Bxc5 {White is slightly better.} 11. Rc1 Bd6 12. Bxd6 Qxd6 13. f3 $146 ({Predecessor:} 13. Qa4 Rfd8 14. Rfd1 Ng4 15. Qf4 Qxf4 16. Nxf4 d4 17. Nxe6 fxe6 18. exd4 Nxd4 {½-½ (57) Rozum,I (2589)-Nguyen,V (2450) Chennai 2019}) 13... a6 14. Qd2 Rfd8 15. Nd4 Nxd4 16. exd4 Bd7 17. a3 h6 18. Qf2 Re8 19. Rfe1 Rxe1+ 20. Rxe1 Re8 21. Rxe8+ Bxe8 22. Qe3 Kf8 23. Bb1 Bc6 24. Qe5 Qe6 (24... Qd8 {looks sharper.} 25. Bd3 Ne8 26. b4 Qe7 27. Qxe7+ Kxe7 28. a4 Ke6) 25. Bf5 (25. Kf2 {with more complications.} Nd7 26. Qf4 Nf6 27. Nd1 Ne8 28. Ne3) 25... Qe7 {The position is equal.} 26. Kf2 (26. b4 {keeps more tension.} Ne8 27. Bd3 Nc7 28. Qxe7+ Kxe7 29. Kf2) 26... Ne8 27. Qxe7+ Kxe7 $11 {[%mdl 4096] Endgame KBN-KBN} 28. Ke3 Nd6 29. Bd3 a5 30. b4 axb4 31. axb4 Ke6 32. h4 g5 33. g3 Be8 34. hxg5 hxg5 35. g4 f6 36. f4 gxf4+ 37. Kxf4 Bc6 38. Bg6 Nb5 39. Bf5+ Kd6 40. Nxb5+ Bxb5 {KB-KB} 41. Bc8 $1 b6 42. Bf5 Be2 43. Bg6 Bf1 44. Kg3 Be2 45. Kh4 Bd1 46. Kh5 Be2 47. Bf5 Ke7 48. Kg6 Bd1 49. Bc8 Be2 50. g5 fxg5 51. Kxg5 Bd3 52. Bf5 Bf1 53. Bc2 Bh3 54. Ba4 Be6 55. Bc6 Kd6 56. Kf6 Bg4 (56... Bh3 $5 {[%cal Rd6c6]} 57. Bb5 Bg4 $11) 57. Bb5 Bh5 58. Bd3 Be8 59. Be2 $1 Bc6 60. Kf7 Bd7 61. Kf8 Bc6 62. Kf7 {Accuracy: White = 71%, Black = 83%.} 1/2-1/2

[Event "Romanian Open 2019"]
[Site "Alba Iulia"]
[Date "2019.10.31"]
[Round "6.4"]
[White "Akash G"]
[Black "Andreev, Eduard"]
[Result "1/2-1/2"]
[WhiteElo "2449"]
[BlackElo "2435"]
[Annotator "TA"]
[PlyCount "74"]
[EventDate "2019.10.28"]
[EventType "swiss"]
[EventCountry "ROU"]
[SourceTitle "playchess.com"]
[Source "ChessBase"]
[SourceQuality "1"]

{[%evp 13,74,28,33,4,0,0,-6,-27,-28,-24,-30,-30,-4,-19,-17,-18,-37,-35,11,0,-10,0,-2,-39,0,-38,-3,-9,0,-56,0,0,0,-21,-35,-29,-33,-56,0,0,0,-41,-42,-42,-36,-48,-38,-60,-37,-47,-58,-59,-62,-113,-113,-138,0,0,0,-133,0,0,0]} 1. e4 c5 2. Nf3 d6 3. d4 cxd4 4. Nxd4 Nf6 5. Nc3 a6 6. Be3 e5 7. Nb3 Be6 8. h3 {B90: Sicilian Najdorf: Unusual White 6th moves, 6 Be3 Ng4 and 6 Be3 e5} Be7 9. Qf3 O-O 10. O-O-O b5 {[%cal Bb7b5,Bb5b4][%mdl 32]} 11. g4 b4 12. Nd5 Nxd5 13. exd5 Bc8 14. Bd3 a5 {[#]} 15. Kb1 $146 ({Predecessor:} 15. Nd2) 15... Qc7 16. Nd2 Nd7 17. h4 a4 18. Ne4 (18. h5 {with more complications.} Ba6 19. Qf5 Bxd3 20. Qxd3 Rfc8 21. g5) 18... Ba6 19. Qe2 Bxd3 20. Qxd3 Rfc8 21. g5 (21. f3 $11) 21... Qc4 (21... f5 $15 22. gxf6 Nxf6) 22. Qxc4 $11 Rxc4 23. Nd2 Rc7 24. b3 f5 $36 {[%mdl 2048] Strongly threatening ...f4. Black is pushing.} 25. Nc4 Rb7 (25... f4 $1 $15 26. Bd2 Rb7) 26. f4 exf4 27. Bd4 Rb5 28. Rhe1 Bf8 29. Bg1 axb3 30. cxb3 {[#]} Ne5 $1 {[%mdl 512]} 31. Nxe5 dxe5 32. Rxe5 g6 33. Re6 {[#]} (33. Re2 $15) 33... Raa5 $1 $17 34. Re5 Bd6 35. Re6 Bf8 36. Re5 $1 Bd6 (36... Kf7 $17 37. Bh2 f3) 37. Re6 $11 Bf8 {Accuracy: White = 46%, Black = 72%.} 1/2-1/2

[Event "Romanian Open 2019"]
[Site "Alba Iulia"]
[Date "2019.10.31"]
[Round "6.5"]
[White "Shishkin, Vadim"]
[Black "Dixit, Nikhil"]
[Result "1-0"]
[WhiteElo "2428"]
[BlackElo "2358"]
[Annotator "TA"]
[PlyCount "93"]
[EventDate "2019.10.28"]
[EventType "swiss"]
[EventCountry "ROU"]
[SourceTitle "playchess.com"]
[Source "ChessBase"]
[SourceQuality "1"]

{[%evp 13,93,65,67,68,61,66,49,61,60,54,50,55,47,49,63,19,53,34,87,72,82,81,109,102,100,107,109,103,97,105,101,102,104,117,132,134,192,142,140,135,161,155,189,199,208,207,199,196,193,179,216,199,210,198,394,391,418,411,403,389,414,401,421,408,422,411,630,579,673,612,929,944,945,937,1037,1081,1091,1084,1624,1537,2400,1670]} 1. d4 Nf6 2. c4 g6 3. Nc3 Bg7 4. e4 d6 5. Be2 O-O 6. Be3 e5 7. d5 c6 8. g4 {E73: King's Indian: Averbakh Variation without 6...c5} cxd5 9. cxd5 Ne8 10. Qd2 $146 {White is slightly better.} ({Predecessor:} 10. h4 f5 11. gxf5 gxf5 12. exf5 Bxf5 13. Bg4 Qc8 14. Bxf5 Qxf5 15. Nge2 Nd7 16. Ng3 Qf7 17. Nge4 h6 18. Rg1 Kh7 19. Qd3 Qf5 20. O-O-O a6 21. Rg3 Rc8 22. Rf3 {1-0 (22) Lima,D (2541)-De Lima,A (2197) Joao Pessoa 2019}) 10... f5 11. gxf5 gxf5 12. exf5 Bxf5 13. Nf3 Na6 14. Rg1 Kh8 15. Ng5 Nac7 ({Better is} 15... Rc8 $14) 16. Bd3 $16 Qd7 17. O-O-O b5 18. Bxf5 Qxf5 19. Qd3 Qxd3 20. Rxd3 Nf6 21. Kb1 b4 22. Nce4 Nxe4 23. Nxe4 Nb5 24. Rc1 Rf5 (24... Rfc8 $16 {is a better defense.}) 25. Rc6 Bf8 26. Bg5 h6 27. Rh3 Kh7 28. Bd2 Rd8 29. Bxb4 Rd7 30. Bd2 Nd4 31. Rc8 Bg7 32. Be3 Ne2 33. Ng5+ Rxg5 $2 {[#]} (33... Kg6) 34. Bxg5 $18 Ng1 35. Rg3 Ne2 36. Re3 Nd4 37. Rh3 Nf5 38. Be3 Rb7 39. Ra8 Rb5 (39... e4 $142 40. b3 Rb5) 40. Rxa7 {White is clearly winning.} Kg6 41. a4 {[%cal Ba2a4,Ba4a5,Ba5a6,Ba6a7][%mdl 32]} Rxd5 42. a5 e4 43. a6 Rb5 44. Rb7 Ra5 45. a7 d5 46. Bd2 Ra6 47. Ra3 {Accuracy: White = 96%, Black = 49%.} 1-0